Statistics for Bible Book Quiz 1

Click here to take the quiz!

General Stats

  • This quiz has been taken 12 times
  • The average score is 13 of 15

Answer Stats

HintAnswer% Correct
When the child grew older, she took him to Pharaoh’s daughter and he became her son. She named him Moses, saying, “I drew him out of the water.”Exodus
100%
Adam and his wife were both naked, and they felt no shame.Genesis
100%
And so King Darius signed the order.Daniel
89%
So Moses, the LORD's servant, died there in the land of Moab, as the LORD had said he would.Deuteronomy
89%
Lazarus, come out!” He came out, his hands and feet wrapped in grave clothes, and with a cloth round his face. “Untie him,” Jesus told them, “and let him go.”John
89%
“Throw me into the sea, and it will calm down. I know it is my fault that you are caught in this violent storm.”Jonah
89%
When Delilah saw that he had told her everything, she sent word to the rulers of the Philistines, “Come back once more; he has told me everything.”Judges
89%
As soon as Jesus was baptized, he came up out of the water. Then heaven was opened to him, and he saw the Spirit of God coming down like a dove and alighting on him.Matthew
89%
So Solomon finished building the Temple.1 Kings
78%
David defeated Goliath with a sling and a rock. He killed him without even using a sword.1 Samuel
78%
While the people walked across on dry ground, the priests carrying the LORD's Covenant Box stood on dry ground in the middle of the Jordan until all the people had crossed over.Joshua
78%
But a Samaritan, as he traveled, came where the man was; and when he saw him, he took pity on him. He went to him and bandaged his wounds, pouring on oil and wine. Then he put the man on his own donkey, brought him to an inn and took care of him.Luke
78%
They crucified two rebels with him, one on his right and one on his left.Mark
78%
But there was a man named Ananias, who with his wife Sapphira sold some property that belonged to them.Acts
67%
Well then, the Lord himself will give you a sign: a young woman who is pregnant will have a son and will name him ‘Immanuel.Isaiah
67%

Score Distribution

Percentile by Number Answered

Percent of People with Each Score

Your Score History

You have not taken this quiz